Anh chồng của vợ tôi /

Đã lưu trong:
Chi tiết về thư mục
Tác giả chính: Pirandello, Luigi.
Tác giả khác: Vũ Đình Phòng (dịch.)
Định dạng: Sách
Ngôn ngữ:Vietnamese
Italian
Được phát hành: Hà Nội : Hội nhà văn, 1999.
Những chủ đề:
Các nhãn: Thêm thẻ
Không có thẻ, Là người đầu tiên thẻ bản ghi này!
Thư viện lưu trữ: Mạng thư viện Đại học Đà Nẵng
LEADER 00873cam a2200337 i 4500
001 000046564
003 6062
005 20030911085202.0
008 010307b1999 vm 000 vie
020 |c 25000 
040 |a IRC  |c IRC  |d IRC 
041 1 |a vie  |h ita 
082 1 4 |a 853  |b PI-L 
100 1 |a Pirandello, Luigi. 
245 0 0 |a Anh chồng của vợ tôi /  |c Luigi Pirandello ; Vũ Đình Phòng dịch. 
260 |a Hà Nội :  |b Hội nhà văn,  |c 1999. 
300 |a 317tr. ;  |c 19cm. 
630 0 4 |a Tiểu thuyết. 
630 0 4 |a Văn học Ý. 
650 0 4 |a Tiểu thuyết Ý. 
700 1 |a Vũ Đình Phòng,  |e dịch. 
OWN |a DUT 
999 |a From the UDN01 
TYP |a Monograph 
TYP |a Printed language 
980 |a Mạng thư viện Đại học Đà Nẵng